书目信息 |
| 题名: |
女性劳动者权益法律保护
|
|
| 作者: | 周宝妹 著 | |
| 分册: | ||
| 出版信息: | 北京 北京大学出版社 2021 |
|
| 页数: | 312页 | |
| 开本: | 23cm | |
| 丛书名: | ||
| 单 册: | ||
| 中图分类: | D922.544 , D922.54 | |
| 科图分类: | ||
| 主题词: | 妇女劳动保护--劳动法--研究--中国 | |
| 电子资源: | ||
| ISBN: | 978-7-301-32492-9 | |
| 000 | 01983nam0 2200289 450 | |
| 001 | 2255435020 | |
| 005 | 20220921152457.26 | |
| 010 | @a978-7-301-32492-9@dCNY59.00 | |
| 039 | @aA310000SHL@bUCS01004208232@c1104141801 | |
| 100 | @a20211026d2021 em y0chiy50 ea | |
| 101 | 0 | @achi |
| 102 | @aCN@b110000 | |
| 105 | @ak az 001yy | |
| 200 | 1 | @a女性劳动者权益法律保护@9nu xing lao dong zhe quan yi fa lu bao hu@e生理性别差异的承认与社会性别歧视的消除@dLegal protection of female workers' rights and interests@f周宝妹著@zeng |
| 210 | @a北京@c北京大学出版社@d2021 | |
| 215 | @a312页@d23cm | |
| 314 | @a周宝妹,中国社会科学院大学法学院教授,法学博士;主要研究领域为劳动法和社会保障法。出版《劳动关系的法律调整——超越部门法的局限》等四本专著,在《江西社会科学》《法学杂志》《武汉大学学报(哲学社会科学版)》等核心期刊发表论文多篇。 | |
| 320 | @a有书目(第285-309页)和索引 | |
| 330 | @a促进和实现女性就业平等,保护女性劳动者权益是劳动法的核心内容之一。现代劳动立法不仅要承认男女生理性别差异,还要消除因社会性别而产生的歧视。 我国女性劳动者面对的社会现实是:一方面,在劳动领域,法律不仅规定女性享有与男性平等的就业机会和就业权利,还规定女性劳动者权益保护的特殊内容;另一方面,很多法律规定的内容仅停留在“纸面”上,关于性别平等和保护女性劳动者权益的法律法规并没有完全得到贯彻执行,法律承认和保护的女性就业和职业权利实际上被消减,甚至一些保护女性权益的立法和政策反而成为女性就业的障碍。本书从承认生理性别差异和消除社会性别歧视的角度切入,审视和考察劳动法保护女性劳动者权益的基础理论与女性劳动者保护立法的形成和发展状况,探讨生育保障、家庭责任承担和工作场所性骚扰等法律制度的重构和完善。 | |
| 510 | 1 | @aLegal protection of female workers' rights and interests@zeng |
| 517 | 1 | @a生理性别差异的承认与社会性别歧视的消除@9sheng li xing bie cha yi de cheng ren yu she hui xing bie qi shi de xiao chu |
| 606 | 0 | @a妇女劳动保护@x劳动法@x研究@y中国 |
| 690 | @aD922.544@v5 | |
| 690 | @aD922.54@v4 | |
| 701 | 0 | @a周宝妹@9zhou bao mei@4著 |
| 801 | 0 | @aCN@b91MARC@c20211129 |
| 905 | @aZUCC@dD922.54@e11 | |
| 女性劳动者权益法律保护:生理性别差异的承认与社会性别歧视的消除=Legal protection of female workers' rights and interests/周宝妹著.-北京:北京大学出版社,2021 |
| 312页;23cm |
| ISBN 978-7-301-32492-9:CNY59.00 |
| 促进和实现女性就业平等,保护女性劳动者权益是劳动法的核心内容之一。现代劳动立法不仅要承认男女生理性别差异,还要消除因社会性别而产生的歧视。 我国女性劳动者面对的社会现实是:一方面,在劳动领域,法律不仅规定女性享有与男性平等的就业机会和就业权利,还规定女性劳动者权益保护的特殊内容;另一方面,很多法律规定的内容仅停留在“纸面”上,关于性别平等和保护女性劳动者权益的法律法规并没有完全得到贯彻执行,法律承认和保护的女性就业和职业权利实际上被消减,甚至一些保护女性权益的立法和政策反而成为女性就业的障碍。本书从承认生理性别差异和消除社会性别歧视的角度切入,审视和考察劳动法保护女性劳动者权益的基础理论与女性劳动者保护立法的形成和发展状况,探讨生育保障、家庭责任承担和工作场所性骚扰等法律制度的重构和完善。 |
| ● |
| 相关链接 |
|
|
|
正题名:女性劳动者权益法律保护
索取号:D922.54/11
 
预约/预借
| 序号 | 登录号 | 条形码 | 馆藏地/架位号 | 状态 | 备注 |
| 1 | 2000900638 | 2000900638 | 第三书库/ [索取号:D922.54/11] | 在馆 | |
| 2 | 2000900639 | 2000900639 | 第三书库/ [索取号:D922.54/11] | 在馆 | |
| 3 | 2000900640 | 2000900640 | 第三书库/ [索取号:D922.54/11] | 在馆 |